Văn hóa dân gian Cù Lao Tân Quy
Trình bày những vấn đề chung về địa lí tự nhiên, địa lí nhân văn và địa lí kinh tế của cù lao Tân Quy (miền Tây Nam Bộ). Các làng nghề truyền thống ở cù lao Tân Quy. Hệ thống địa danh. Lễ hội dân gian. Văn học dân gian. Tục lệ dân gian và đặc sản ở cù lao Tân Quy...
Đã lưu trong:
| Tác giả chính: | |
|---|---|
| Định dạng: | Sách |
| Ngôn ngữ: | Vietnamese |
| Được phát hành: |
H.
Khoa học xã hội
2015
|
| Những chủ đề: | |
| Các nhãn: |
Thêm thẻ
Không có thẻ, Là người đầu tiên thẻ bản ghi này!
|
| Thư viện lưu trữ: | Mạng thư viện Đại học Đà Nẵng |
|---|
| LEADER | 01831aam a22003978a 4500 | ||
|---|---|---|---|
| 001 | 000023644 | ||
| 003 | 20097 | ||
| 005 | 20160114100133.0 | ||
| 008 | 160114s2015 viesd | ||
| 020 | |d 2000b | ||
| 041 | 0 | |a vie | |
| 082 | 0 | 4 | |2 23 |a 398.095978 |b TR-D |
| 100 | 1 | |a Trần Dũng | |
| 245 | 1 | 0 | |a Văn hóa dân gian Cù Lao Tân Quy |c Trần Dũng |
| 260 | |a H. |b Khoa học xã hội |c 2015 | ||
| 300 | |a 190 tr. |c 21 cm. | ||
| 500 | |a ĐTTS ghi: Hội Văn nghệ dân gian Việt Nam | ||
| 504 | |a Thư mục: tr. 181-184 | ||
| 520 | |a Trình bày những vấn đề chung về địa lí tự nhiên, địa lí nhân văn và địa lí kinh tế của cù lao Tân Quy (miền Tây Nam Bộ). Các làng nghề truyền thống ở cù lao Tân Quy. Hệ thống địa danh. Lễ hội dân gian. Văn học dân gian. Tục lệ dân gian và đặc sản ở cù lao Tân Quy | ||
| 650 | 0 | 4 | |2 Bộ TK TVQG |a Văn hóa dân gian |x Nghiên cứu |z Trà Vinh |
| 651 | 7 | |2 Bộ TK TVQG |a Việt Nam | |
| 651 | 7 | |2 Bộ TK TVQG |a Tây Nam Bộ | |
| 653 | |a Cù lao Tân Quy | ||
| 653 | |a Văn hóa dân gian | ||
| OWN | |a LSP | ||
| AVA | |a UDN50 |b LNN |d 398.095978 TR-D |e available |t Error 5001 Not defined in file expand_doc_bib_avail. |f 1 |g 0 |h N |i 0 | ||
| AVA | |a UDN50 |b LSP |d 398.095978 TR-D |e available |t Error 5001 Not defined in file expand_doc_bib_avail. |f 1 |g 0 |h N |i 0 |k 1 | ||
| 999 | |a From the UDN01 | ||
| AVA | |a UDN50 |b LNN |d 398.095978 TR-D |e available |t Error 5001 Not defined in file expand_doc_bib_avail. |f 1 |g 0 |h N |i 0 | ||
| AVA | |a UDN50 |b LSP |d 398.095978 TR-D |e available |t Error 5001 Not defined in file expand_doc_bib_avail. |f 1 |g 0 |h N |i 0 |k 1 | ||
| TYP | |a Monograph | ||
| TYP | |a Printed language | ||
| 980 | |a Mạng thư viện Đại học Đà Nẵng | ||